<?xml version="1.0" encoding="UTF-8"?>
<marc:record xmlns:marc="http://www.loc.gov/MARC21/slim">
   <marc:leader>00000nam a2200000 a 4500</marc:leader>
   <marc:datafield ind1="1" ind2=" " tag="100">
      <marc:subfield code="a">Fischer, Marie Louise</marc:subfield>
      <marc:subfield code="4">aut</marc:subfield>
      <marc:subfield code="e">Verfasser/-in</marc:subfield>
   </marc:datafield>
   <marc:datafield ind1=" " ind2=" " tag="653">
      <marc:subfield code="a">Kriminalroman</marc:subfield>
   </marc:datafield>
   <marc:datafield ind1="0" ind2="0" tag="245">
      <marc:subfield code="a">Im Schatten des Verdachts</marc:subfield>
   </marc:datafield>
   <marc:datafield ind1="0" ind2="0" tag="245">
      <marc:subfield code="c">Marie Louise Fischer</marc:subfield>
   </marc:datafield>
   <marc:datafield ind1=" " ind2="1" tag="264">
      <marc:subfield code="a">Köln</marc:subfield>
      <marc:subfield code="b">Editionnova GmbH</marc:subfield>
   </marc:datafield>
   <marc:datafield ind1="1" ind2=" " tag="520">
      <marc:subfield code="a">Die erfolgreiche, attraktive Vivian weist den Heiratsantrag ihres Freundes Herbert immer wieder zurück, obwohl sie ihn innig liebt. Herbert glaubt ihrer Begründung hierfür nicht. Und er hat Recht, nur kann sie ihm den wahren Grund für ihre Ablehnung nicht nennen. Einst wurde sie nämlich beschuldigt, ihren Mann, den schwerreichen Bruno Hammer, ermordet zu haben. Alle Indizien sprachen damals gegen sie, nur aus Mangel an Beweisen wurde sie freigesprochen. Nach diesen Ereignissen änderte sie ihren Namen, unterzog sich sogar einer Gesichtsoperation und nahm ihr Medizinstudium wieder auf. Aber es zeigt sich, dass man sich den Fragen der Vergangenheit nie auf Dauer entziehen kann.</marc:subfield>
   </marc:datafield>
   <marc:datafield ind1=" " ind2=" " tag="041">
      <marc:subfield code="a">ger</marc:subfield>
   </marc:datafield>
   <marc:datafield ind1="1" ind2=" " tag="521">
      <marc:subfield code="a">0</marc:subfield>
   </marc:datafield>
   <marc:datafield ind1=" " ind2=" " tag="300">
      <marc:subfield code="a">313 S.</marc:subfield>
   </marc:datafield>
</marc:record>
